| 000 | 00615cam a2200193 a 4500 | ||
|---|---|---|---|
| 020 | _a0889110360 (pbk.) | ||
| 040 | _cDLC | ||
| 082 | 0 | 0 | _a338 POS 2003 A042 Or. |
| 100 | 1 | _aTupper, Allan, | |
| 245 | 1 | 0 |
_aPublic money in the private sector : _bindustrial assistance policy and Canadian federalism / |
| 260 |
_a[Kingston, Ont.] : _bInstitute of Intergovernmental Relations, Queen's University, _cc1982. |
||
| 300 |
_ax, 135 p. ; _c23 cm. |
||
| 500 | _aIncludes index. | ||
| 650 | 0 | _aSubsidies | |
| 650 | 0 | _aIndustrial policy | |
| 650 | 0 | _aIndustrial promotion | |
| 650 | 0 | _aFederal government | |
| 942 | _cAEDBB | ||
| 999 |
_c20816 _d20816 |
||